| 000 | 00410nam a22001337a 4500 | ||
|---|---|---|---|
| 020 | _a0471236411 | ||
| 082 |
_a343.07869 _bCon _cL-NUST, p-22 |
||
| 245 |
_aDesign guide to the 1997 uniform building code _bConrad R.T |
||
| 260 |
_aNew York _bJohn Wiley & Sons, Inc _c1998 |
||
| 300 |
_aix, 483 p. : _bill, ; _c22 cm. _eNUST |
||
| 526 |
_a0 _b0 _c0 _d343_078690000000000_CON |
||
| 650 |
_aNUST _96342 |
||
| 942 |
_2ddc _cBK |
||
| 999 |
_c542530 _d542530 |
||